<?xml version="1.0" encoding="UTF-8"?>
<record
    xmlns:xsi="http://www.w3.org/2001/XMLSchema-instance"
    xsi:schemaLocation="http://www.loc.gov/MARC21/slim http://www.loc.gov/standards/marcxml/schema/MARC21slim.xsd"
    xmlns="http://www.loc.gov/MARC21/slim">

  <leader>02695cam a2200301 i 4500</leader>
  <controlfield tag="003">SA-RiAUC</controlfield>
  <controlfield tag="005">20250730053226.0</controlfield>
  <controlfield tag="008">250729s1981    le a   g b    001 0 ara c</controlfield>
  <datafield tag="024" ind1="0" ind2=" ">
    <subfield code="a">00000000858849</subfield>
  </datafield>
  <datafield tag="040" ind1=" " ind2=" ">
    <subfield code="a">SA-JeALM</subfield>
    <subfield code="b">ara</subfield>
    <subfield code="c">SA-RiAUC</subfield>
    <subfield code="d">AE-DuMBRL</subfield>
    <subfield code="e">rda</subfield>
  </datafield>
  <datafield tag="043" ind1=" " ind2=" ">
    <subfield code="a">a-su---</subfield>
  </datafield>
  <datafield tag="050" ind1=" " ind2="4">
    <subfield code="b">M87 1981</subfield>
  </datafield>
  <datafield tag="082" ind1="0" ind2="4">
    <subfield code="a">720.953122</subfield>
    <subfield code="q">SA-RiAUC</subfield>
  </datafield>
  <datafield tag="090" ind1=" " ind2=" ">
    <subfield code="a">720.953122</subfield>
    <subfield code="b">&#x645; &#x635; &#x637;</subfield>
  </datafield>
  <datafield tag="100" ind1="1" ind2=" ">
    <subfield code="a">&#x645;&#x635;&#x637;&#x641;&#x649;&#x60C; &#x635;&#x627;&#x644;&#x62D; &#x644;&#x645;&#x639;&#x64A;</subfield>
    <subfield code="e">&#x645;&#x624;&#x644;&#x641;.</subfield>
  </datafield>
  <datafield tag="245" ind1="1" ind2="0">
    <subfield code="a">&#x627;&#x644;&#x645;&#x62F;&#x64A;&#x646;&#x629; &#x627;&#x644;&#x645;&#x646;&#x648;&#x631;&#x629; :</subfield>
    <subfield code="b">&#x62A;&#x637;&#x648;&#x631;&#x647;&#x627; &#x627;&#x644;&#x639;&#x645;&#x631;&#x627;&#x646;&#x64A; &#x648;&#x62A;&#x631;&#x627;&#x62B;&#x647;&#x627; &#x627;&#x644;&#x645;&#x639;&#x645;&#x627;&#x631;&#x64A; /</subfield>
    <subfield code="c">&#x635;&#x627;&#x644;&#x62D; &#x644;&#x645;&#x639;&#x64A; &#x645;&#x635;&#x637;&#x641;&#x649;.</subfield>
  </datafield>
  <datafield tag="264" ind1=" " ind2="1">
    <subfield code="a">&#x628;&#x64A;&#x631;&#x648;&#x62A; :</subfield>
    <subfield code="b">&#x62F;&#x627;&#x631; &#x627;&#x644;&#x646;&#x647;&#x636;&#x629; &#x627;&#x644;&#x639;&#x631;&#x628;&#x64A;&#x629;&#x60C;</subfield>
    <subfield code="c">1981.</subfield>
  </datafield>
  <datafield tag="300" ind1=" " ind2=" ">
    <subfield code="a">356 &#x635;&#x641;&#x62D;&#x629; :</subfield>
    <subfield code="b">&#x625;&#x64A;&#x636;&#x627;&#x62D;&#x64A;&#x627;&#x62A; &#x61B;</subfield>
    <subfield code="c">28 &#xD7; 20 &#x633;&#x645;</subfield>
  </datafield>
  <datafield tag="336" ind1=" " ind2=" ">
    <subfield code="a">&#x646;&#x635;</subfield>
    <subfield code="b">txt</subfield>
    <subfield code="2">rdacontent</subfield>
    <subfield code="3">&#x643;&#x62A;&#x627;&#x628;</subfield>
  </datafield>
  <datafield tag="337" ind1=" " ind2=" ">
    <subfield code="a">&#x628;&#x62F;&#x648;&#x646; &#x648;&#x633;&#x64A;&#x637;</subfield>
    <subfield code="b">n</subfield>
    <subfield code="2">rdamedia</subfield>
  </datafield>
  <datafield tag="338" ind1=" " ind2=" ">
    <subfield code="a">&#x645;&#x62C;&#x644;&#x62F;</subfield>
    <subfield code="b">nc</subfield>
    <subfield code="2">rdacarrier</subfield>
  </datafield>
  <datafield tag="504" ind1=" " ind2=" ">
    <subfield code="a">&#x628;&#x628;&#x644;&#x64A;&#x648;&#x62C;&#x631;&#x627;&#x641;&#x64A;&#x629; : &#x635;&#x641;&#x62D;&#x629; 339-341.</subfield>
  </datafield>
  <datafield tag="520" ind1=" " ind2=" ">
    <subfield code="a">&#x627;&#x644;&#x645;&#x62F;&#x64A;&#x646;&#x629; &#x627;&#x644;&#x645;&#x646;&#x648;&#x631;&#x629;&#x60C; &#x645;&#x62F;&#x64A;&#x646;&#x629; &#x631;&#x633;&#x648;&#x644; &#x627;&#x644;&#x644;&#x647;-&#x635;&#x644;&#x649; &#x627;&#x644;&#x644;&#x647; &#x639;&#x644;&#x64A;&#x647; &#x648;&#x633;&#x644;&#x645;-&#x623;&#x648;&#x644; &#x645;&#x62F;&#x64A;&#x646;&#x629; &#x639;&#x631;&#x628;&#x64A;&#x629; &#x625;&#x633;&#x644;&#x627;&#x645;&#x64A;&#x629;&#x60C; &#x645;&#x631;&#x62A; &#x628;&#x645;&#x631;&#x627;&#x62D;&#x644; &#x639;&#x62F;&#x64A;&#x62F;&#x629; &#x642;&#x628;&#x644; &#x623;&#x646; &#x62A;&#x62A;&#x637;&#x648;&#x631; &#x648;&#x62A;&#x643;&#x648;&#x646; &#x639;&#x644;&#x649; &#x645;&#x627; &#x647;&#x64A; &#x639;&#x644;&#x64A;&#x647; &#x627;&#x644;&#x622;&#x646;&#x60C; &#x62A;&#x642;&#x639; &#x627;&#x644;&#x645;&#x62F;&#x64A;&#x646;&#x629; &#x641;&#x64A; &#x627;&#x644;&#x62D;&#x62C;&#x627;&#x632; &#x639;&#x644;&#x649; &#x647;&#x636;&#x628;&#x629; &#x62A;&#x62A;&#x62F;&#x631;&#x62C; &#x628;&#x628;&#x637;&#x621; &#x641;&#x64A; &#x627;&#x644;&#x627;&#x62A;&#x62C;&#x627;&#x647; &#x627;&#x644;&#x634;&#x645;&#x627;&#x644;&#x64A; &#x64A;&#x62D;&#x62F;&#x647;&#x627; &#x645;&#x646; &#x627;&#x644;&#x645;&#x634;&#x627;&#x644; &#x62C;&#x628;&#x644; &#x623;&#x62D;&#x62F;&#x60C; &#x648;&#x645;&#x646; &#x627;&#x644;&#x634;&#x645;&#x627;&#x644; &#x627;&#x644;&#x63A;&#x631;&#x628;&#x64A; &#x62C;&#x628;&#x644; &#x633;&#x644;&#x639; &#x648;&#x645;&#x646; &#x627;&#x644;&#x62C;&#x646;&#x648;&#x628; &#x627;&#x644;&#x63A;&#x631;&#x628;&#x64A; &#x62C;&#x628;&#x644; &#x639;&#x64A;&#x631; &#x648;&#x627;&#x644;&#x630;&#x64A; &#x64A;&#x642;&#x639; &#x639;&#x644;&#x649; &#x62D;&#x648;&#x627;&#x644;&#x64A; &#x623;&#x631;&#x628;&#x639;&#x629; &#x643;&#x64A;&#x644;&#x648;&#x645;&#x62A;&#x631;&#x627;&#x62A; &#x645;&#x646; &#x645;&#x631;&#x643;&#x632;&#x647;&#x627; &#x627;&#x644;&#x62D;&#x627;&#x644;&#x64A;&#x60C; &#x623;&#x645;&#x627; &#x645;&#x646; &#x627;&#x644;&#x634;&#x631;&#x642; &#x641;&#x64A;&#x62A;&#x62E;&#x630;&#x647;&#x627; &#x645;&#x62C;&#x645;&#x648;&#x639;&#x629; &#x645;&#x646; &#x627;&#x644;&#x62D;&#x631;&#x627;&#x62A; &#x627;&#x644;&#x62A;&#x64A; &#x62A;&#x62A;&#x643;&#x648;&#x646; &#x645;&#x646; &#x635;&#x62E;&#x648;&#x631; &#x628;&#x627;&#x632;&#x644;&#x64A;&#x629;. &#x648;&#x641;&#x64A; &#x647;&#x630;&#x627; &#x627;&#x644;&#x643;&#x62A;&#x627;&#x628; &#x64A;&#x642;&#x62F;&#x645; &#x627;&#x644;&#x645;&#x624;&#x644;&#x641; &#x648;&#x647;&#x648; &#x62E;&#x628;&#x64A;&#x631; &#x644;&#x644;&#x62A;&#x631;&#x627;&#x62B; &#x627;&#x644;&#x62D;&#x636;&#x627;&#x631;&#x64A; &#x628;&#x645;&#x634;&#x631;&#x648;&#x639; &#x62A;&#x62E;&#x637;&#x64A;&#x637; &#x627;&#x644;&#x645;&#x62F;&#x64A;&#x646;&#x629; &#x627;&#x644;&#x645;&#x646;&#x648;&#x631;&#x629; &#x62F;&#x631;&#x627;&#x633;&#x629; &#x644;&#x62E;&#x635;&#x627;&#x626;&#x635; &#x627;&#x644;&#x645;&#x62F;&#x64A;&#x646;&#x629; &#x648;&#x644;&#x644;&#x645;&#x631;&#x627;&#x62D;&#x644; &#x627;&#x644;&#x62A;&#x627;&#x631;&#x64A;&#x62E;&#x64A;&#x629; &#x627;&#x644;&#x62A;&#x64A; &#x62A;&#x639;&#x627;&#x642;&#x628;&#x62A; &#x639;&#x644;&#x64A;&#x647;&#x627; &#x648;&#x639;&#x645;&#x644;&#x62A; &#x639;&#x644;&#x649; &#x62A;&#x62D;&#x62F;&#x64A;&#x62F; &#x634;&#x643;&#x644;&#x647;&#x627; &#x648;&#x645;&#x639;&#x627;&#x644;&#x645;&#x647;&#x627; &#x641;&#x64A; &#x643;&#x644; &#x641;&#x62A;&#x631;&#x629;. &#x643;&#x645;&#x627; &#x64A;&#x642;&#x62F;&#x645; &#x641;&#x64A; &#x647;&#x630;&#x627; &#x627;&#x644;&#x643;&#x62A;&#x627;&#x628; &#x62A;&#x62D;&#x644;&#x64A;&#x644;&#x627; &#x647;&#x646;&#x62F;&#x633;&#x64A;&#x627; &#x644;&#x644;&#x62A;&#x631;&#x627;&#x62B; &#x627;&#x644;&#x62D;&#x636;&#x627;&#x631;&#x64A; &#x627;&#x644;&#x645;&#x639;&#x645;&#x627;&#x631;&#x64A; &#x628;&#x627;&#x644;&#x645;&#x62F;&#x64A;&#x646;&#x629; &#x64A;&#x647;&#x62F;&#x641; &#x62A;&#x628;&#x64A;&#x627;&#x646; &#x62E;&#x635;&#x627;&#x626;&#x635; &#x648;&#x645;&#x645;&#x64A;&#x632;&#x627;&#x62A; &#x647;&#x630;&#x647; &#x627;&#x644;&#x639;&#x645;&#x627;&#x631;&#x629; &#x648;&#x642;&#x62F; &#x627;&#x633;&#x62A;&#x646;&#x62F; &#x627;&#x644;&#x645;&#x624;&#x644;&#x641; &#x641;&#x64A; &#x62F;&#x631;&#x627;&#x633;&#x62A;&#x647; &#x639;&#x644;&#x649; &#x627;&#x644;&#x645;&#x631;&#x627;&#x62C;&#x639; &#x648;&#x627;&#x644;&#x645;&#x635;&#x627;&#x62F;&#x631; &#x627;&#x644;&#x639;&#x631;&#x628;&#x64A;&#x629; &#x645;&#x62B;&#x644; &#x643;&#x62A;&#x627;&#x628; &#x648;&#x641;&#x627;&#x621; &#x627;&#x644;&#x648;&#x641;&#x627;&#x621; &#x644;&#x644;&#x633;&#x645;&#x647;&#x648;&#x62F;&#x64A; &#x627;&#x644;&#x630;&#x64A; &#x639;&#x627;&#x634; &#x628;&#x627;&#x644;&#x645;&#x62F;&#x64A;&#x646;&#x629; &#x645;&#x646;&#x630; &#x639;&#x627;&#x645; 873 &#x647;&#x640; / 1468 &#x645;&#x60C; &#x648;&#x63A;&#x64A;&#x631;&#x647;&#x627; &#x645;&#x646; &#x627;&#x644;&#x62F;&#x631;&#x627;&#x633;&#x627;&#x62A; &#x627;&#x644;&#x645;&#x639;&#x62A;&#x645;&#x62F;&#x629; &#x648;&#x627;&#x644;&#x642;&#x64A;&#x645;&#x629;.</subfield>
  </datafield>
  <datafield tag="650" ind1=" " ind2="7">
    <subfield code="a">&#x627;&#x644;&#x639;&#x645;&#x627;&#x631;&#x629; &#x627;&#x644;&#x625;&#x633;&#x644;&#x627;&#x645;&#x64A;&#x629;</subfield>
    <subfield code="z">&#x627;&#x644;&#x645;&#x62F;&#x64A;&#x646;&#x629; &#x627;&#x644;&#x645;&#x646;&#x648;&#x631;&#x629;</subfield>
    <subfield code="2">aucsh</subfield>
  </datafield>
  <datafield tag="651" ind1=" " ind2="7">
    <subfield code="a">&#x627;&#x644;&#x645;&#x62F;&#x64A;&#x646;&#x629; &#x627;&#x644;&#x645;&#x646;&#x648;&#x631;&#x629;</subfield>
    <subfield code="x">&#x622;&#x62B;&#x627;&#x631;</subfield>
    <subfield code="2">aucsh</subfield>
  </datafield>
  <datafield tag="942" ind1=" " ind2=" ">
    <subfield code="2">ddc</subfield>
    <subfield code="c">BOOK</subfield>
    <subfield code="n">0</subfield>
  </datafield>
  <datafield tag="949" ind1=" " ind2=" ">
    <subfield code="a">SA-JeALM</subfield>
    <subfield code="d">250729</subfield>
    <subfield code="u">osman123</subfield>
    <subfield code="n">1</subfield>
  </datafield>
  <datafield tag="952" ind1=" " ind2=" ">
    <subfield code="0">0</subfield>
    <subfield code="1">0</subfield>
    <subfield code="2">ddc</subfield>
    <subfield code="4">0</subfield>
    <subfield code="7">0</subfield>
    <subfield code="a">WAHAB</subfield>
    <subfield code="b">WAHAB</subfield>
    <subfield code="d">2025-07-30</subfield>
    <subfield code="l">0</subfield>
    <subfield code="o">720.953122  &#x645; &#x635; &#x637;</subfield>
    <subfield code="p">000016901</subfield>
    <subfield code="r">2025-07-30 05:33:10</subfield>
    <subfield code="w">2025-07-30</subfield>
    <subfield code="y">BOOK</subfield>
  </datafield>
  <datafield tag="952" ind1=" " ind2=" ">
    <subfield code="0">0</subfield>
    <subfield code="1">0</subfield>
    <subfield code="2">ddc</subfield>
    <subfield code="4">0</subfield>
    <subfield code="7">0</subfield>
    <subfield code="a">WAHAB</subfield>
    <subfield code="b">WAHAB</subfield>
    <subfield code="d">2025-07-30</subfield>
    <subfield code="l">0</subfield>
    <subfield code="o">720.953122  &#x645; &#x635; &#x637;</subfield>
    <subfield code="p">000016902</subfield>
    <subfield code="r">2025-07-30 05:33:10</subfield>
    <subfield code="w">2025-07-30</subfield>
    <subfield code="y">BOOK</subfield>
  </datafield>
  <datafield tag="999" ind1=" " ind2=" ">
    <subfield code="c">10385</subfield>
    <subfield code="d">10385</subfield>
  </datafield>
</record>
